LEADER 02323nam 2200373z- 450 001 9910640392803321 005 20251116151437.0 035 $a(CKB)5850000000317026 035 $a(oapen)https://directory.doabooks.org/handle/20.500.12854/96137 035 $a(EXLCZ)995850000000317026 100 $a20202301d2022 |y 0 101 0 $aspa 135 $aurmn|---annan 181 $ctxt$2rdacontent 182 $cc$2rdamedia 183 $acr$2rdacarrier 200 10$aMundos del hispanismo$euna cartografía para el siglo XXI AIH Jerusalén 2019 210 $cIberoamericana Vervuert$d2022 215 $a1 electronic resource (240 p.) 311 08$a3-96869-299-3 330 $aThis volume collects works by Hispanists from different origins: from researchers whose mother tongue is Spanish and who carry out their work in the Hispanic world, whether peninsular or American, to those who work in regions where Spanish is a minority language and/or or who have acquired Spanish as a second language. This joyous diversity finds its expression in the works that make up this volume, highlighting one of the central objectives of the AIH: the academic and plural dialogue between the Hispanicisms of the world, an enriching and vivifying dialogue that knows no borders. Doing so for the first time outside of Europe and America takes on a very special significance, by inserting this multiplicity of perspectives into the present and much-needed dialogue between our peoples and regions. The printed book exclusively includes the opening speeches and plenary presentations, which were given by Myrna Solotorevsky, Patrizia Botta, Angela Schrott, Juan Diego Vila, Manuel Rivero Rodríguez and James Valender. The other papers are in open access 606 $aLiterature: history & criticism$2bicssc 610 $aacademic dialogue; multiplicity of perspectives; Hispanic digital humanities, history and culture; language and linguistics 615 7$aLiterature: history & criticism 700 $aFine$b Ruth$4edt$0320286 702 $aGoldberg$b Florinda F$4edt 702 $aHasson$b Or$4edt 702 $aFine$b Ruth$4oth 702 $aGoldberg$b Florinda F$4oth 702 $aHasson$b Or$4oth 906 $aBOOK 912 $a9910640392803321 996 $aMundos del hispanismo$93019733 997 $aUNINA